Countries with "B" - Statistics

General Stats
  • This quiz has been taken 38 times
    19 since last reset
  • The average score is 36 of 46
Answer Stats
Answer % Correct
Bolivia
100%
Brazil
100%
Bulgaria
100%
Barbados
94%
Belgium
94%
Belize
94%
Brunei
94%
Belarus
88%
Bhutan
88%
Colombia
88%
Saudi Arabia
88%
Serbia
88%
Zambia
88%
Zimbabwe
88%
Albania
82%
Bahamas
82%
Bahrain
82%
Bangladesh
82%
Bosnia and Herzegovina
82%
Botswana
82%
Burkina Faso
82%
Cuba
82%
Gambia
82%
Namibia
82%
Antigua and Barbuda
76%
Azerbaijan
76%
Cambodia
76%
Guinea-Bissau
76%
Lebanon
76%
Libya
76%
Uzbekistan
76%
Benin
71%
Burundi
71%
Djibouti
71%
Kiribati
71%
Luxembourg
71%
Mozambique
71%
Trinidad and Tobago
71%
Democratic Republic of the Congo
65%
Republic of the Congo
65%
United Arab Emirates
65%
Gabon
59%
Dominican Republic
53%
Liberia
53%
Central African Republic
47%
Cabo Verde
29%
No matching quizzes found
Score Distribution
Percent of People with Each Score
Percentile by Number Answered
Your Score History
You have not taken this quiz since the last reset